Antropología de la pobreza: cinco familias. /

Bibliographic Details
Main Author: Lewis, Oscar 1914-1970 (autor)
Format: Book
Language:Spanish
Published: México: Fondo de Cultura Económica, 1969.
Edition:Primera edición
Series:Obras de Antropología
Subjects:

MARC

LEADER 00000cam a2200000 i 4500
003 Ucuenca
005 20231121062628.0
006 a||||gr|||| 00| 0
007 ta
008 000000s1969 mx ||||gr|||||||||||spa|a
040 |b spa  |a UCuenca-cdrjbv  |c UCuenca  |e rda 
041 |a spa 
082 0 |2 21  |a 306  |c 90923 
100 1 |a Lewis, Oscar  |d 1914-1970  |9 54445  |e autor 
245 1 0 |a Antropología de la pobreza:   |b cinco familias. /   |c Oscar Lewis. 
250 |a Primera edición 
264 1 |a México:   |b Fondo de Cultura Económica,   |c 1969. 
300 |a 302 páginas:  |c 21 cm 
336 |2 rdacontent  |a texto  |b txt 
337 |2 rdamedia  |a no mediado  |b n 
338 |2 rdacarrier  |a volumen  |b nc 
490 |a Obras de Antropología 
650 1 0 |a Antropología cultural  |9 396 
650 1 7 |a Pobreza  |9 4477  |2 UCuenca-cdrjbv 
651 |2 UCuenca-cdrjbv 
852 |a UC-CDJBV 
942 |2 ddc  |c CR  |r luz.vázquez@ucuenca.edu.ec 
999 |c 31370  |d 31370